[Event "AUTO-INT-3122"]
[Site "http://www.queenalice.com/game.php?id=1416440"]
[Date "2016.4.3"]
[Round "1"]
[White "GastonLagaffe"]
[Black "Piotr70"]
[Result "1-0"]
[WhiteElo "1758"]
[BlackElo "1624"]

1. e4 e5 2. d4 exd4 3. Qxd4 Nc6 4. Qe3 b6 5. Bc4 Bb4+ 6. Bd2 Nf6 7. Nc3 Bxc3 8.
Bxc3 d6 9. O-O-O Be6 10. Bb5 Bd7 11. Ba6 O-O 12. h4 Ng4 13. Qg3 Qe7 14. f3 Nf6
15. Bb7 Rab8 16. Bxc6 Bxc6 17. Ne2 g6 18. Bxf6 Qxf6 19. Nf4 Kh8 20. h5 gxh5 21.
Rxh5 Rg8 22. Qh4 Qxh4 23. Rxh4 Bd7 24. Nd5 Rxg2 25. Nxc7 Rg3 26. f4 Bc6 27. Rxd6
Bxe4 28. Rd4 Rg1+ 29. Kd2 Rg2+ 30. Ke3 Bxc2 31. Rd7 Bg6 32. f5 Bxf5 33. Rxf7 Bg6
34. Re7 Rxb2 35. a4 Rb3+ 36. Kf4 Rb4+ 37. Kg5 Rg8 38. Rxb4 Bd3+ 39. Kf6 Rg6+ 40.
Ke5 Rg5+ 41. Kd6 h5 42. Ne6 Rg6 43. Kc7 Be2 44. Re8+ Rg8 45. Kd7 Bg4 46. Kc7
Rxe8 47. Nf4 Rc8+ 48. Kb7 h4 49. Ne2 Rc2 50. Rxg4 Rxe2 51. Rxh4+ Kg7 52. Rg4+
Kf6 53. Rf4+ Ke5 54. Rb4 1-0

[Event "AUTO-INT-3122"]
[Site "http://www.queenalice.com/game.php?id=1416441"]
[Date "2016.4.3"]
[Round "1"]
[White "Piotr70"]
[Black "GastonLagaffe"]
[Result "0-1"]
[WhiteElo "1613"]
[BlackElo "1769"]

1. e4 e6 2. Nc3 Nc6 3. Nf3 Bc5 4. d4 Bb4 5. a3 Bxc3+ 6. bxc3 Nf6 7. Bb5 Nxe4 8.
Qd3 d5 9. O-O O-O 10. Bxc6 bxc6 11. Ne5 Qf6 12. Nxc6 Ba6 13. Qxa6 Nxc3 14. Bd2
Ne4 15. Bb4 Rfe8 16. Qb7 e5 17. Qxc7 exd4 18. Ne7+ Kh8 19. Nxd5 Qd8 20. Qxf7 a5
21. Be7 Ra7 22. Bxd8 Rxf7 23. Bxa5 Rf5 24. Nc7 Rc8 25. f3 Nd6 26. Ne6 Rxa5 27.
Nxd4 Nc4 28. a4 Nb2 29. Nb3 Rxa4 30. Rxa4 Nxa4 31. Nd4 Nc3 32. Re1 g5 33. Ne6
Re8 34. Re3 Nd5 35. Re5 Nf4 36. Rxg5 Rxe6 37. Rf5 Ne2+ 38. Kf2 Nd4 39. Rf8+ Kg7
40. Rc8 Kf6 41. c4 h5 42. c5 Ke7 43. Rc7+ Kd8 44. Rh7 Re5 45. Rh8+ Kc7 46. g4
Re2+ 47. Kg3 hxg4 48. Rh7+ Kc6 49. fxg4 Kxc5 50. g5 Nf5+ 51. Kg4 Nd6 52. h4 Re4+
0-1

[Event "AUTO-INT-3122"]
[Site "http://www.queenalice.com/game.php?id=1416442"]
[Date "2016.4.3"]
[Round "1"]
[White "GastonLagaffe"]
[Black "Ruusgugg"]
[Result "1-0"]
[WhiteElo "1651"]
[BlackElo "1384"]

1. e4 d5 2. e5 c6 3. d4 h5 4. c4 dxc4 5. Bxc4 e6 6. Nf3 h4 7. Bg5 f6 8. Bxh4 g5
9. Bg3 g4 10. Nh4 b5 11. Bb3 Rh7 12. Qd3 Rd7 13. Qg6+ Ke7 14. Qh7+ Ke8 15. Qg6+
Ke7 16. Nf5+ exf5 17. Qf7# 1-0

[Event "AUTO-INT-3122"]
[Site "http://www.queenalice.com/game.php?id=1416443"]
[Date "2016.4.3"]
[Round "1"]
[White "Ruusgugg"]
[Black "GastonLagaffe"]
[Result "0-1"]
[WhiteElo "1433"]
[BlackElo "1720"]

1. c4 e5 2. d4 e4 3. c5 d5 4. b4 Nc6 5. a3 b5 6. a4 Nxb4 7. axb5 Rb8 8. Qb3 Nc6
9. b6 Nxd4 10. Qa4+ Bd7 11. Qxd4 Nf6 12. bxa7 Ra8 13. f3 Bb5 14. Qb4 c6 15. fxe4
dxe4 16. Ra6 Bxa6 17. Bf4 Nh5 18. Qxe4+ Be7 19. Qxc6+ Kf8 20. Qxa6 Nxf4 21. c6
Bb4+ 22. Kf2 Qd4+ 23. e3 Qb2+ 24. Kf3 Qxb1 25. c7 Qc1 26. Qb7 Re8 27. Qxb4+ Kg8
28. Kg4 Qd1+ 29. Be2 Nxe2 30. Qb7 Nd4+ 31. Kf4 Qf1+ 32. Kg3 Rxe3+ 33. Kg4 h5+
34. Kh4 Qf4+ 35. g4 Nf5# 0-1

[Event "Challenge"]
[Site "http://www.queenalice.com/game.php?id=1419691"]
[Date "2016.4.24"]
[Round "-"]
[White "GastonLagaffe"]
[Black "chessito"]
[Result "1-0"]
[WhiteElo "1726"]
[BlackElo "1397"]

1. e4 Nf6 2. e5 Ng4 3. Qxg4 e6 4. d4 c6 5. Bg5 f6 6. exf6 gxf6 7. Qh5+ Ke7 8.
Bh4 Qb6 9. b3 Qxd4 10. c3 Qe5+ 11. Qe2 Qxe2+ 12. Bxe2 Rg8 13. Bf3 a5 14. Ne2 c5
15. O-O Nc6 16. Nd2 1-0

[Event "AUTO-ADV-3615"]
[Site "http://www.queenalice.com/game.php?id=1432958"]
[Date "2016.7.23"]
[Round "2"]
[White "PimPamPum"]
[Black "GastonLagaffe"]
[Result "1-0"]
[WhiteElo "2150"]
[BlackElo "1805"]

1. e4 e5 2. Nf3 Nc6 3. Bb5 Nd4 4. Nxd4 exd4 5. O-O c6 6. Ba4 b5 7. Bb3 Bd6 8. f4
Qb6 9. d3 Nf6 10. e5 Nd5 11. exd6 O-O 12. Bxd5 cxd5 13. b4 Re8 14. Nd2 Qxd6 15.
Nb3 Qxb4 16. Bb2 f5 17. Bxd4 a5 18. Re1 Rf8 19. Bc5 Qc3 20. Bxf8 Kxf8 21. Qe2
Bb7 22. Qe7+ Kg8 23. Qxd7 Bc6 24. Qe6+ Kf8 25. Qxf5+ Kg8 26. Qe5 Qb4 27. Qe6+
Kh8 28. Qxc6 1-0

[Event "AUTO-ADV-3615"]
[Site "http://www.queenalice.com/game.php?id=1432959"]
[Date "2016.7.23"]
[Round "2"]
[White "GastonLagaffe"]
[Black "PimPamPum"]
[Result "0-1"]
[WhiteElo "1803"]
[BlackElo "2152"]

1. e4 c5 2. Nc3 e6 3. e5 Nc6 4. f4 d6 5. Bb5 Bd7 6. Bxc6 Bxc6 7. Nf3 Ne7 8. O-O
Nf5 9. Ng5 Be7 10. d4 Nxd4 11. exd6 Qxd6 12. Qh5 g6 13. Qh6 Bf8 14. Qh3 h6 15.
Rd1 Bg7 16. Nge4 Qe7 17. Be3 b6 18. Bxd4 cxd4 19. a4 dxc3 20. Nxc3 O-O 21. a5 b5
22. Ne2 Bxb2 23. Rab1 Bg7 24. Nd4 Qc5 25. Kh1 Bxd4 26. Qxh6 Bg7 27. Qh4 a6 0-1

[Event "AUTO-ADV-3615"]
[Site "http://www.queenalice.com/game.php?id=1432964"]
[Date "2016.7.23"]
[Round "2"]
[White "GastonLagaffe"]
[Black "Gatsby57"]
[Result "0-1"]
[WhiteElo "1785"]
[BlackElo "1759"]

1. e4 Nf6 2. e5 Nd5 3. Bc4 Nb6 4. Bd3 d6 5. Nf3 Bg4 6. O-O dxe5 7. h3 Be6 8.
Nxe5 N8d7 9. Qe2 g6 10. c4 Bg7 11. Nxd7 Qxd7 12. Nc3 O-O 13. a4 Bxc3 14. dxc3
Nxa4 15. Bh6 Rfe8 16. Qf3 Nc5 17. Rad1 Nxd3 18. Rxd3 Qc6 19. b3 Qxf3 20. Rxf3 c6
21. Re1 b5 22. cxb5 cxb5 23. b4 Bc4 0-1

[Event "AUTO-ADV-3615"]
[Site "http://www.queenalice.com/game.php?id=1432965"]
[Date "2016.7.23"]
[Round "2"]
[White "Gatsby57"]
[Black "GastonLagaffe"]
[Result "1-0"]
[WhiteElo "1741"]
[BlackElo "1803"]

1. d4 d5 2. Nc3 Nf6 3. Bg5 c6 4. Bxf6 exf6 5. Nf3 Bb4 6. e3 O-O 7. a3 Bxc3+ 8.
bxc3 a5 9. Bd3 f5 10. O-O b5 11. Re1 Re8 12. h4 a4 13. Ng5 h6 14. Nf3 Nd7 15.
Bxf5 Nf6 16. Bxc8 Qxc8 17. Ne5 Ne4 18. Qd3 f6 19. Ng6 f5 20. Ne5 g5 21. h5 Nf6
22. Qe2 g4 23. f3 gxf3 24. Qxf3 1-0

[Event "Challenge"]
[Site "http://www.queenalice.com/game.php?id=1433132"]
[Date "2016.7.26"]
[Round "-"]
[White "GastonLagaffe"]
[Black "Lapoule"]
[Result "0-1"]
[WhiteElo "1805"]
[BlackElo "1209"]

1. d4 d6 2. d5 Nf6 3. Nc3 e5 4. e4 c6 5. Bg5 Be7 6. Bxf6 Bxf6 7. Qf3 Qb6 8.
O-O-O c5 9. Na4 Qb4 10. b3 Bg5+ 11. Kb1 Bd7 12. Ka1 Qa3 13. h4 Bc1 14. Ne2 Bxa4
15. Rxc1 Na6 16. bxa4 Qxa4 17. Rb1 Qxc2 18. Rxb7 O-O 19. Qb3 Qxe4 20. f3 Qf5 21.
g4 Qc8 22. Rb6 axb6 23. Qxb6 Rd8 0-1

[Event "Challenge"]
[Site "http://www.queenalice.com/game.php?id=1433532"]
[Date "2016.7.28"]
[Round "-"]
[White "GastonLagaffe"]
[Black "Lapoule"]
[Result "0-1"]
[WhiteElo "1805"]
[BlackElo "1209"]

1. e4 e5 2. Nf3 c5 3. Nxe5 Nf6 4. Nc3 d6 5. Nc4 Nc6 6. d3 b5 7. Ne3 Nd4 8. Ncd5
Nxd5 9. Nxd5 Be6 10. h4 Bxd5 11. exd5 Qe7+ 12. Be3 Qe5 13. c3 Nf5 14. g4 Nxe3
15. fxe3 Qg3+ 16. Kd2 Qe5 17. Bg2 g6 18. g5 Bg7 19. Rf1 O-O 20. a4 b4 21. d4
cxd4 22. exd4 Qg3 23. Qf3 Qxh4 24. cxb4 Qxd4+ 0-1

[Event "Sncf power"]
[Site "http://www.queenalice.com/game.php?id=1445944"]
[Date "2016.10.15"]
[Round "1"]
[White "theblues31"]
[Black "GastonLagaffe"]
[Result "0-1"]
[WhiteElo "1042"]
[BlackElo "1801"]

1. e4 e5 2. Nf3 Nc6 3. d4 d6 4. dxe5 Nxe5 5. Nxe5 dxe5 6. Qxd8+ Kxd8 7. Nc3 Bb4
8. Bd2 Nf6 9. a3 Bxc3 10. Bxc3 Nxe4 11. O-O-O+ Ke7 12. Be1 f5 13. f3 Nf6 14.
Bb4+ Kf7 15. Bc4+ Be6 16. b3 Bxc4 17. bxc4 a5 18. Bc3 Rhe8 19. Rhe1 e4 20. Bxf6
Kxf6 21. Rf1 e3 22. f4 e2 0-1

[Event "Sncf power"]
[Site "http://www.queenalice.com/game.php?id=1445948"]
[Date "2016.10.15"]
[Round "2"]
[White "GastonLagaffe"]
[Black "Iceberg"]
[Result "0-1"]
[WhiteElo "1801"]
[BlackElo "1065"]

1. e4 e5 2. Nf3 Nc6 3. d4 Nf6 4. d5 Nd4 5. Nxe5 Bc5 6. c3 Nf5 7. exf5 Ne4 8. Ng4
Qe7 9. Be2 h5 10. f3 Qh4+ 11. Kf1 hxg4 12. Qe1 Ng3+ 13. Qxg3 Qxg3 14. hxg3 Rxh1#
0-1

[Event "AUTO-ADV-4182"]
[Site "http://www.queenalice.com/game.php?id=1572101"]
[Date "2019.5.24"]
[Round "1"]
[White "GastonLagaffe"]
[Black "sean"]
[Result "0-1"]
[WhiteElo "1750"]
[BlackElo "1873"]

1. e4 c6 2. d4 d5 3. e5 c5 4. dxc5 e6 5. b4 Nc6 6. Bd2 Nxe5 7. Nf3 Nxf3+ 8. Qxf3
Bd7 9. Nc3 b6 10. Bb5 bxc5 0-1

[Event "AUTO-ADV-4182"]
[Site "http://www.queenalice.com/game.php?id=1572116"]
[Date "2019.5.24"]
[Round "1"]
[White "GastonLagaffe"]
[Black "Canaye"]
[Result "0-1"]
[WhiteElo "1768"]
[BlackElo "1834"]

1. e4 e6 2. Nc3 d5 3. e5 c5 4. Qf3 Nc6 5. Bb5 Qb6 6. Bxc6+ bxc6 7. Nge2 Ne7 8.
Qh5 g6 9. Qg5 h6 10. Qf6 Rg8 11. Qf3 Bb7 12. Na4 Qa5 13. b3 Bg7 14. Bb2 d4 15.
c4 Bxe5 16. O-O Rd8 17. d3 Bd6 18. Bc1 Qc7 19. g3 h5 20. Bg5 Rd7 21. Nf4 Kd8 22.
Rae1 Kc8 23. Ng2 Nf5 24. Nh4 Nxh4 25. Bxh4 g5 26. Qxh5 gxh4 27. Qxh4 Kb8 28. Qh7
Rdd8 29. f4 Bxf4 30. Nxc5 Bxg3 31. hxg3 Qxg3+ 32. Kh1 Qg2# 0-1

[Event "AUTO-ADV-4182"]
[Site "http://www.queenalice.com/game.php?id=1572117"]
[Date "2019.5.24"]
[Round "1"]
[White "Canaye"]
[Black "GastonLagaffe"]
[Result "1-0"]
[WhiteElo "1798"]
[BlackElo "1777"]

1. d4 d5 2. c4 dxc4 3. e3 b5 4. Qf3 c6 5. Nc3 e6 6. Nxb5 Qa5+ 7. Nc3 Bb4 8. Bd2
Bxc3 9. Bxc3 Qf5 10. Bxc4 Qxf3 11. Nxf3 Nf6 12. O-O Ne4 13. Bb4 Ba6 14. Bxa6
Nxa6 15. Ba3 Rb8 16. Rab1 g5 17. Rfd1 f6 18. Nd2 f5 19. Nxe4 fxe4 20. Rdc1 Kd7
21. Rc4 Nc7 22. Rbc1 Rb6 23. b4 Rhb8 24. g3 Nd5 25. Kg2 a5 26. bxa5 Ra6 27. Rc5
Rb5 28. Rxb5 cxb5 29. Bc5 Rxa5 30. Rc2 g4 31. a3 Ra4 32. Rb2 Kc6 33. Bf8 h5 34.
Rc2+ Rc4 35. Rb2 Nb6 36. h3 Na4 37. Rb4 Rxb4 38. axb4 Nc3 39. hxg4 hxg4 40. Kf1
Kd7 41. Ke1 Ke8 42. Bc5 Na4 43. Bd6 Nb2 44. Kd2 Kd7 45. Bf8 Nd3 46. Ke2 Ke8 47.
Bc5 Nc1+ 48. Kd2 Nb3+ 49. Kc2 Nxc5 50. dxc5 Kd7 51. Kc3 Kc6 52. Kd4 Kd7 53. Kxe4
Kc6 54. Ke5 Kd7 55. e4 Ke7 56. c6 1-0

[Event "AUTO-ADV-4182"]
[Site "http://www.queenalice.com/game.php?id=1572118"]
[Date "2019.5.24"]
[Round "1"]
[White "GastonLagaffe"]
[Black "Artking"]
[Result "1-0"]
[WhiteElo "1755"]
[BlackElo "1908"]

1. e4 c5 2. Bc4 Nc6 3. Nf3 d6 4. O-O Nf6 5. d3 Bg4 6. h3 Bd7 7. Ng5 Ne5 8. f4
Nxc4 9. dxc4 h6 10. e5 hxg5 11. exf6 gxf6 12. fxg5 fxg5 13. Bxg5 Rg8 14. Bh4
Bxh3 15. Qf3 Be6 16. Nd2 Qb6 17. Rae1 Bxc4 18. Nxc4 Qc7 19. Qxf7+ Kd7 20. Qxg8
1-0

[Event "AUTO-ADV-4182"]
[Site "http://www.queenalice.com/game.php?id=1572119"]
[Date "2019.5.24"]
[Round "1"]
[White "Artking"]
[Black "GastonLagaffe"]
[Result "1-0"]
[WhiteElo "1873"]
[BlackElo "1762"]

1. Nf3 g6 2. e4 Bg7 3. d4 Nf6 4. e5 Nd5 5. c4 Nb4 6. a3 N4c6 7. Be3 d6 8. exd6
cxd6 9. Nc3 e5 10. d5 Ne7 11. Bd3 O-O 12. O-O Nf5 13. Ne4 Nd4 14. Nxd4 exd4 15.
Bg5 f6 16. Bf4 g5 17. Bxd6 Re8 18. Qh5 h6 19. Nxg5 fxg5 20. Qg6 Qf6 21. Qxe8+
Bf8 22. Qxc8 Qxd6 23. Qxb7 Bg7 24. Qxa8 Be5 25. Qb7 Bxh2+ 26. Kh1 Nd7 27. Qc8+
Kf7 28. Qh8 1-0